Mishmash (Record no. 159)

MARC details
000 -LEADER
fixed length control field 00297nam a22001097a 4500
008 - FIXED-LENGTH DATA ELEMENTS--GENERAL INFORMATION
fixed length control field 160621b xxu||||| |||| 00| 0 eng d
100 ## - MAIN ENTRY--PERSONAL NAME
9 (RLIN) 199
Personal name Cone, M
245 ## - TITLE STATEMENT
Title Mishmash
Remainder of title and the Venus Plytrap
260 ## - PUBLICATION, DISTRIBUTION, ETC. (IMPRINT)
Place of publication, distribution, etc. USA.Weekly Reader Book
Date of publication, distribution, etc. 1976
300 ## - PHYSICAL DESCRIPTION
Extent Mishmash:and the Venus Plytrap
942 ## - ADDED ENTRY ELEMENTS (KOHA)
Source of classification or shelving scheme Dewey Decimal Classification
Koha item type BOOK
Holdings
Withdrawn status Lost status Source of classification or shelving scheme Damaged status Not for loan Home library Current library Shelving location Date acquired Total Checkouts Full call number Barcode Date last seen Date last checked out Price effective from Koha item type
    Dewey Decimal Classification     Good Samaritan School Library Good Samaritan School Library   06/21/2016 1 823 CON125 04/25/2023 04/24/2023 06/21/2016 BOOK

Powered by Koha